The Gulf Crisis & The New World Order (Record no. 565278)
[ view plain ]
| 000 -LEADER | |
|---|---|
| fixed length control field | 00315nam a2200109Ia 4500 |
| 008 - FIXED-LENGTH DATA ELEMENTS--GENERAL INFORMATION | |
| fixed length control field | 210430s9999 xx 000 0 und d |
| 082 ## - DEWEY DECIMAL CLASSIFICATION NUMBER | |
| Classification number | 956.70442 A2861G |
| 100 ## - MAIN ENTRY--PERSONAL NAME | |
| Personal name | Hazrat Mirza Tahir Ahmad |
| 9 (RLIN) | 54640 |
| 245 #4 - TITLE STATEMENT | |
| Title | The Gulf Crisis & The New World Order |
| Statement of responsibility, etc. | Hazrat Mirza Tahir Ahmad |
| 300 ## - PHYSICAL DESCRIPTION | |
| Extent | 396 |
| 942 ## - ADDED ENTRY ELEMENTS (KOHA) | |
| Koha item type | Book |
| Source of classification or shelving scheme | |
| Withdrawn status | Lost status | Damaged status | Not for loan | Collection code | Permanent Location | Current Location | Shelving location | Date acquired | Total Checkouts | Full call number | Barcode | Date last seen | Price effective from | Koha item type |
|---|---|---|---|---|---|---|---|---|---|---|---|---|---|---|
| School of Chemical & Materials Engineering (SCME) | School of Chemical & Materials Engineering (SCME) | General Stacks | 06/15/4 | 956.70442 A2861G | SCME-4568 | 04/30/2021 | 04/30/2021 | Book |
